Ľudský kapitál a ekonomický rast bakalárska práca

Na minha lista:
Detalhes bibliográficos
Autor principal: Medvecová, Miroslava
Autor Corporativo: Národohospodárska fakulta EU. Katedra hospodárskej politiky
Outros Autores: Lábaj, Martin, 1982-
Formato: Livro
Idioma:eslovaco
Publicado em: Bratislava 2016
Tags: Adicionar Tag
Sem tags, seja o primeiro a adicionar uma tag!

MARC

LEADER 00000nbm a2200000 4500
001 0219913
005 20161125142745.5
041 0 |a slo 
044 |a SK 
245 1 0 |a Ľudský kapitál a ekonomický rast  |b bakalárska práca  |c Miroslava Medvecová ; školiteľ: Martin Lábaj 
264 1 |a Bratislava  |c 2016 
300 |a 32 s. 
100 1 |a Medvecová, Miroslava 
700 1 |a Lábaj, Martin, 1982- 
710 2 |a Národohospodárska fakulta EU. Katedra hospodárskej politiky